000 00358nam a2200109Ia 4500
008 160531s9999 xx 000 0 und d
100 _aKhmelnik, Solomon I.
245 _aVariational Principle of Extremum in Electromechanical and Electrodynamic Systems
245 _cby Solomon I. Khmelnik
260 _c2012
856 _uhttp://vixra.org/pdf/1402.0026v2.pdf
999 _c295201
_d295201